00617nam a2200157 a 4500008004100000020001500041050001900056100001300075245004600088246001400134260004800148350000900196995009000205999001700295952014700312120416s0000 ||||||||||||||||| || u a0521568765 aTJ 211.415 Dud aDudek, G10aComputation principles of mobile robotics aG. Dudeck aCambridgebCambridge University Pressc2000 a0.00 D0.00FCBU-MAIN LIBRARY (Kitwe)H1I28.95M1UOUTZMain Library Open Access Collection c38195d38195 00102lcc4070a001b001cMain Library Open Access Collectiond2022-11-30l1oTJ 211.415 Dudp029374r2025-08-02s2025-06-12w2022-11-30y002